La isla de Juan Fernández

Tallennettuna:
Bibliografiset tiedot
Päätekijä: Gay, Claudio
Muut tekijät: Muñoz Pizarro, Carlos (autor)
Aineistotyyppi: Kirja
Kieli:espanja
Julkaistu: Santiago, Chile Museo Nacional de Historia Natural 1974
Sarja:Educativa. 9
Aiheet:
Tagit: Lisää tagi
Ei tageja, Lisää ensimmäinen tagi!

MARC

LEADER 00000cam a2200000 a 4500
001 UCT3792
003 CL-VaPUC
005 20250227100109.0
008 961031e19740000CL |||||||||||||||||spa|d
999 |c 253324  |d 253322 
040 |c Pontificia Universidad Católica de Valparaíso 
082 0 4 |a 918.316 GAY 1974  |2 21 
100 |a Gay, Claudio  |9 402019 
245 1 3 |a La isla de Juan Fernández 
246 1 3 |a El archipiélago de Juan Fernández y la conservación de sus recursos naturales renovables 
260 0 3 |a Santiago, Chile  |b Museo Nacional de Historia Natural  |c 1974 
300 |a 47 páginas 
490 0 |a Educativa.  |v 9 
500 |a Libro consta de 2 trabajos diferentes 
500 |a Incluye 31 láminas 
583 |a last modification  |c 20160602 17:24:44  |k Rodrigo Vera 
650 0 |a Recursos marinos  |9 261196 
650 7 |a ISLAS  |2 CL-VaPUC  |9 326262 
650 0 |a Viajes  |9 257115 
650 0 |a Geomorfología   |9 261377 
651 0 |a Archipiélago Juan Fernández  |9 261249 
651 7 |a CHILE  |2 CL-VaPUC  |9 372802 
700 |a Muñoz Pizarro, Carlos  |e autor  |9 302631 
942 |c BK  |2 ddc 
945 |d 19961031 00:00:00  |a cmena 
952 |0 0  |1 0  |2 ddc  |4 0  |6 918_316000000000000_GAY_1974  |7 0  |8 A  |9 274006  |a BIBCUR  |b BIBCUR  |d 2019-11-19  |i 1772325  |l 2  |o 918.316 GAY 1974  |p 1772325  |r 2025-04-22  |s 2023-11-29  |t 1  |w 2019-11-19  |y BK  |k BIO 
952 |0 0  |1 0  |2 ddc  |4 0  |6 918_316000000000000_GAY_1974  |7 0  |8 A  |9 274007  |a BIBAGR  |b BIBAGR  |d 2019-11-19  |i 4881737  |o 918.316 GAY 1974  |p 4881737  |r 2025-01-20  |t 2  |w 2019-11-19  |y BK  |k AGR